Normal view
MARC view
Entry Uniform Title
001 - CONTROL NUMBER
- control field: 5409
003 - CONTROL NUMBER IDENTIFIER
- control field: OSt
005 - DATE AND TIME OF LATEST TRANSACTION
- control field: 20220507074830.0
008 - FIXED-LENGTH DATA ELEMENTS
- fixed length control field: 220507|| aca||aabn | a|a d
040 ## - CATALOGING SOURCE
- Original cataloging agency: OSt
- Transcribing agency: OSt
130 ## - HEADING--UNIFORM TITLE
- Uniform title: Resource description & access
670 ## - SOURCE DATA FOUND
- Source citation: Work cat.: (OSt)0: Oliver, Chris, 1951- 5408, Introducing RDA :, 2010.